|
|
|
|
| LEADER |
01285nam a22003014a 4500 |
| 001 |
29218 |
| 003 |
BD-DhAAL |
| 005 |
20150517113452.0 |
| 008 |
150517t2008 cc a 000 0 eng |
| 010 |
|
|
|a 2005366054
|
| 020 |
|
|
|a 9787119020167
|
| 020 |
|
|
|a 7119020161
|
| 040 |
|
|
|a DLC
|c DLC
|d BD-DhAAL
|
| 050 |
0 |
0 |
|a RA427.8
|b .Z46 2002
|
| 082 |
|
|
|a 613/.0951
|
| 100 |
1 |
|
|a Zeng, Qingnan.
|9 11082
|
| 245 |
1 |
0 |
|a China's traditional way of health preservation /
|c Zeng Qingnan, Liu Daoqing.
|
| 250 |
|
|
|a 1st ed.
|
| 260 |
|
|
|a Beijing :
|b Foreign Languages Press,
|c 2008.[Second Printing]
|
| 300 |
|
|
|a v, 378 p. :
|b ill. ;
|c 21 cm.
|
| 541 |
|
|
|e 29218
|
| 650 |
|
0 |
|a Health promotion
|z China.
|9 11083
|
| 650 |
|
0 |
|a Massage therapy
|z China.
|9 11084
|
| 700 |
1 |
|
|a Liu, Daoqing.
|9 11085
|
| 942 |
|
|
|2 ddc
|c BK
|
| 999 |
|
|
|c 34423
|d 34423
|
| 952 |
|
|
|0 0
|1 0
|2 ddc
|4 0
|6 613_095100000000000_ZEN
|7 0
|9 53746
|a BRACUL
|b BRACUL
|c GEN
|d 2015-05-17
|e BRAC Institute of Language
|l 0
|o 613.0951 ZEN
|p 3010029218
|r 2015-05-17
|t 1
|w 2015-05-17
|y BK
|x Transferred from BIL to BRACUL on 06/06/22
|
| 952 |
|
|
|0 0
|1 0
|2 ddc
|4 0
|6 613_095100000000000_ZEN
|7 0
|9 53784
|a BRACUL
|b BRACUL
|c GEN
|d 2015-05-19
|e BRAC Institute of Language
|l 1
|m 6
|o 613.0951 ZEN
|p 3010029289
|r 2023-02-26
|s 2023-01-23
|t 2
|w 2015-05-19
|y BK
|x Transferred from BIL to BRACUL on 06/06/22
|